LEADER 04237nam 22005294a 450 001 996217491303316 005 20230617002557.0 010 $a1-280-19705-6 010 $a9786610197057 010 $a0-470-98841-X 010 $a1-4051-4372-X 035 $a(CKB)1000000000210194 035 $a(SSID)ssj0000225987 035 $a(PQKBManifestationID)12044722 035 $a(PQKBTitleCode)TC0000225987 035 $a(PQKBWorkID)10233407 035 $a(PQKB)11767068 035 $a(MiAaPQ)EBC233068 035 $a(EXLCZ)991000000000210194 100 $a20040716d2005 uy 0 101 0 $aeng 135 $aurcn||||||||| 181 $2rdacontent 182 $2rdamedia 183 $2rdacarrier 200 00$aPractical transfusion medicine$b[electronic resource] /$fedited by Michael F. Murphy, Derwood H. Pamphilon 205 $a2nd ed. 210 $aMalden, Mass. $cBlackwell Pub.$d2005 215 $a1 computer resource (469 p.) $cill. (some col.) 300 $aBibliographic Level Mode of Issuance: Monograph 311 $a1-4051-1844-X 320 $aIncludes bibliographical references and index. 327 $aEssential immunology for transfusion medicine / Willem H. Ouwehand and Tim B. Wallington -- Human blood group systems / Geoff Daniels -- Human leucocyte antigens / Cristina V. Navarrete -- Platelet and neutrophil antigens / David L. Allen ... [et al.] -- The effective and safe use of blood components / Brian McClelland and Tim Walsh -- Bleeding associated with trauma and surgery / Beverley J. Hunt -- Prenatal and childhood transfusions / Irene Roberts -- Haematological disease / Michael F. Murphy and Simon J. Stanworth -- Transfusion strategies in organ transplant patients / Derwood H. Pamphilon -- Inherited and acquired coagulation disorders / Joanne E. Joseph and Samuel J. Machin -- Uses of intravenous immunoglobulin / David J. Unsworth and Tim B. Wallington -- Haemolytic transfusion reactions / Sue Knowles and Geoff Poole -- 327 $aFebrile reactions and transfusion-related acute lung injury / Michael F. Murphy and Sheila MacLennan -- Urticarial and anaphylactic reactions / David J. Unsworth -- Bacterial contamination / Patricia Hewitt -- Post-transfusion purpura / Michael F. Murphy -- Immunomodulation and graft-versus host disease / Lorna M. Williamson and Cristina V. Navarrete -- Transfusion-transmitted infections / Alan D. Kitchen and John A.J. Barbara -- Variant Creutzfeldt-Jakob disease / Marc L. Turner -- Donors and blood collection / Liz Caffrey and Moji Gesinde -- Blood donation testing and the safety of blood supply / David Wenham and Simon J. Stanworth -- Production and storage of blood components / Lorna M. Williamson and Rebecca Cardigan -- Medicolegal aspects / Patricia E. Hewitt -- Blood transfusion in hospitals / Sue Knowles and Geoff Poole -- 327 $aAutologous transfusion / Dafydd Thomas -- Tissue banking / Deirdre Fehily and Ruth M. Warwick -- Cord blood banking / Ruth M. Warwick, Sue Armitage and Deidre Fehily -- Therapeutic apheresis / Tim B. Wallington and David J. Unsworth -- Blood substitutes / Chris V. Prowse and David J. Roberts -- Cytokines in transfusion practice / Derwood Pamphilon -- Haemopoietic stem cell processing and storage / David H. McKenna and Mary E. Clay -- Haemopoietic stem cell transplantation and immunotherapy / Ian M. Franklin -- Gene therapy / Colin G. Steward and Marine Cavazzana-Calvo -- Recombinant antibodies and proteins / Marion Scott -- Blood transfusion in a global context / David Roberts ... [et al.] -- The design of interventional trials in transfusion medicine / Paul He?bert, Alan Tinmouth, and Dean Ferguson -- Getting the most out of the evidence for transfusion medicine / Simon J. Stanworth, S.J. Brunskill and Chris J. Hyde -- The future of transfusion medicine / Walter Sunny Dzik. 606 $aBlood$xTransfusion 615 0$aBlood$xTransfusion. 676 $a615/.39 701 $aMurphy$b Michael F$g(Michael Furber)$0905177 701 $aPamphilon$b Derwood H$0905178 801 0$bMiAaPQ 801 1$bMiAaPQ 801 2$bMiAaPQ 906 $aBOOK 912 $a996217491303316 996 $aPractical transfusion medicine$92877226 997 $aUNISA LEADER 02852oam 2200481I 450 001 9910153185103321 005 20240501163842.0 010 $a1-4987-5580-1 010 $a1-315-38023-4 010 $a1-4987-5578-X 024 7 $a10.1201/9781315380230 035 $a(MiAaPQ)EBC4748351 035 $a(CKB)3710000000960812 035 $a(BIP)56234429 035 $a(EXLCZ)993710000000960812 100 $a20220270h20142014 uy 0 101 0 $aeng 135 $aurcnu|||||||| 181 $2rdacontent 182 $2rdamedia 183 $2rdacarrier 200 12$aA concise introduction to statistical inference$fJacco Thijssen, The University of York, UK 205 $a1st ed. 210 1$aBoca Raton$cCRC Press$d[2014] 210 4$d©2014 215 $a1 recurso en línea (231 p.)$cilustraciones 320 $aIncluye bibliografía e índice 327 $a1. Statistical inference -- 2. Theory and calculus of probability -- 3. From probability to statistics -- 4. Statistical inference for the mean based on a large sample -- 5. Statistical models and sampling distributions -- 6. Estimation of parameters -- 7. Confidence intervals -- 8. Hypothesis testing -- 9. Linear regression -- 10. Bayesian inference. 330 $aThis short book introduces the main ideas of statistical inference in a way that is both user friendly and mathematically sound. Particular emphasis is placed on the common foundation of many models used in practice. In addition, the book focuses on the formulation of appropriate statistical models to study problems in business, economics, and the social sciences, as well as on how to interpret the results from statistical analyses. The book will be useful to students who are interested in rigorous applications of statistics to problems in business, economics and the social sciences, as well as students who have studied statistics in the past, but need a more solid grounding in statistical techniques to further their careers. Jacco Thijssen is professor of finance at the University of York, UK. He holds a PhD in mathematical economics from Tilburg University, Netherlands. His main research interests are in applications of optimal stopping theory, stochastic calculus, and game theory to problems in economics and finance. Professor Thijssen has earned several awards for his statistics teaching. 606 $aEstadística$vLibros de texto$2UAMSUB 606 $aProbabilidades$vLibros de texto$2UAMSUB 608 $aLibros electrónicos 610 $aEstadística 615 7$aEstadística 615 7$aProbabilidades 676 $a519.54 686 $aB0240$2Inspec 700 $aThijssen$b Jacco J. J.$01213020 801 0$bFlBoTFG 801 1$bFlBoTFG 912 $a9910153185103321 996 $aA concise introduction to statistical inference$92801271 997 $aUNINA